000
00277nam a22001337a 4500
008
170728b xxu||||| |||| 00| 0 eng d
020
_a
9780132203661
041
_a
eng
080
_2
1ST
_a
004
100
_a
31
101
_a
SHK
245
_a
GO!
_c
GASKIN,SH
942
_2
udc
_c
BK
999
_c
22113
_d
22113